000 00725cam a2200265Ma 4500
999 _c41996
_d41996
003 BJBSDDR
005 20230410115458.0
007 ta
008 910925s1963 ag f 000 0 spa d
035 _a(OCoLC)ocm48286250
035 _a(OCoLC)48286250
040 _aEL$
_bspa
_cEL$
041 _aspa
050 1 4 _aHD 87.5
_bL274p 1963
082 0 0 _a338.9
100 1 _aLange, Oskar Ryszard,
_d1904-1965
245 1 0 _aPlanificación y desarrollo /
_cOskar Lange.
260 _a[Buenos Aires] :
_bJ. Alvarez,
_c[1963]
300 _a69 p. ;
_c18 cm.
440 0 _aColección Monthly review
650 0 _aEconomic development
_xPlanning
650 4 _aDesarrollo económico
_95978
942 _2lcc
_cBK
946 _aclperez